Disposiciones que podrían impedir en España la división de las fincas rústicas cuando esta división perjudica al cultivo / (Record no. 161015)

MARC details
000 -LEADER
campo de control de longitud fija 01018nam a22001815i 4500
001 - NÚMERO DE CONTROL
campo de control 161015
003 - IDENTIFICADOR DE NÚMERO DE CONTROL
campo de control ES-MaACL
005 - FECHA Y HORA DE LA ÚLTIMA TRANSACCIÓN
campo de control 20230906212157.0
008 - DATOS DE LONGITUD FIJA--INFORMACIÓN GENERAL
campo de control de longitud fija 970902s1900 sp |||| | spa d
040 ## - FUENTE DE CATALOGACIÓN
Centro catalogador/agencia de origen CLM
Lengua de catalogación spa
Centro/agencia transcriptor CCPB | SIC
100 1# - ENTRADA PRINCIPAL--NOMBRE DE PERSONA
Nombre de persona Ondovilla y Duran, Agustín de.
9 (RLIN) 130655
245 10 - MENCIÓN DEL TÍTULO
Título Disposiciones que podrían impedir en España la división de las fincas rústicas cuando esta división perjudica al cultivo /
Mención de responsabilidad, etc. Monografia presentada por D. Agustín de Ondovilla y Duran al segundo concurso extraordinario abierto por la Real Academia de Ciencias Morales y Políticas para la adjudicación del premio del Conde de Toreno en el bienio de 1887 a 99 é impresa á expensas de dicha corporación.
260 ## - PUBLICACIÓN, DISTRIBUCIÓN, ETC.
Lugar de publicación, distribución, etc. Madrid :
Nombre del editor, distribuidor, etc. [s.n.],
Fecha de publicación, distribución, etc. 1900 (
Fabricante Imprenta del Asilo de Huerfanos del Sagrado Corazón de Jesús)
300 ## - DESCRIPCIÓN FÍSICA
Extensión 137 p. ;
Dimensiones 27 cm.
597 #1 - NOTA DE DESCRIPCIÓN FÍSICA
NOTA DE DESCRIPCIÓN FÍSICA Antep.
752 ## - ENTRADA AGREGADA--NOMBRE JERÁRQUICO DEL LUGAR
País o entidad superior España -
Ciudad Madrid
852 ## - LOCALIZACIÓN
Ubicación ES-MaACL
Número de control de estantería F-M-III-O (XIII)
Nota libre -- Enc. hol. conservando la cub. original
-- -- Enc. en un vol. facticio
Holdings
Estatus retirado Estado de pérdida Estado de daño No para préstamo Colección Biblioteca de origen Biblioteca actual Ubicación en estantería Fecha de adquisición Fuente de adquisición Total de préstamos Signatura topográfica completa Código de barras Visto por última vez Precio de reemplazo Tipo de ítem Koha
        Libros del s. XIX Biblioteca del Ateneo de Madrid Biblioteca del Ateneo de Madrid Administración 17/01/2008     F-M-III-O (XIII) 1168632 23/02/2023 23/02/2023 Libro impreso antiguo